5HLuxD.jpg

KING HENRY VIII SENIOR AND PRIMARY SCHOOL LIBRARY OPAC

Encyclopedia of dinosaurs and prehistoric life / (Record no. 2085)

000 -LEADER
fixed length control field 01236 am a2200361 i 4500
001 - CONTROL NUMBER
control field 018436729
003 - CONTROL NUMBER IDENTIFIER
control field Uk
005 - DATE AND TIME OF LATEST TRANSACTION
control field 20230306100922.0
008 - FIXED-LENGTH DATA ELEMENTS--GENERAL INFORMATION
fixed length control field 170717s2017 enkab j e 001 0 eng c
015 ## - NATIONAL BIBLIOGRAPHY NUMBER
National bibliography number GBB7C7475
Source bnb
016 7# - NATIONAL BIBLIOGRAPHIC AGENCY CONTROL NUMBER
Record control number 018436729
Source Uk
020 ## - INTERNATIONAL STANDARD BOOK NUMBER
International Standard Book Number 9781786173249
035 ## - SYSTEM CONTROL NUMBER
System control number (UkOxU)020923496
035 ## - SYSTEM CONTROL NUMBER
System control number (StEdALDL)1/3587381
040 ## - CATALOGING SOURCE
Original cataloging agency UkOxU
Language of cataloging eng
Transcribing agency UkOxU
Modifying agency Uk
-- KH8
Description conventions rda
042 ## - AUTHENTICATION CODE
Authentication code ukscp
082 04 - DEWEY DECIMAL CLASSIFICATION NUMBER
Classification number 560.3 PAR
Edition number 23
245 00 - TITLE STATEMENT
Title Encyclopedia of dinosaurs and prehistoric life /
Statement of responsibility, etc. consulted by Steve Parker.
264 #1 - PRODUCTION, PUBLICATION, DISTRIBUTION, MANUFACTURE, AND COPYRIGHT NOTICE
Place of production, publication, distribution, manufacture Bardfield End Green, Thaxted, Essex, UK :
Name of producer, publisher, distributor, manufacturer Miles Kelly,
Date of production, publication, distribution, manufacture, or copyright notice 2017.
264 #4 - PRODUCTION, PUBLICATION, DISTRIBUTION, MANUFACTURE, AND COPYRIGHT NOTICE
Date of production, publication, distribution, manufacture, or copyright notice ©2017
300 ## - PHYSICAL DESCRIPTION
Extent 384 pages :
Other physical details colour illustrations, colour maps ;
Dimensions 23 cm
336 ## - CONTENT TYPE
Content type term text
Source rdacontent
336 ## - CONTENT TYPE
Content type term still image
Source rdacontent
337 ## - MEDIA TYPE
Media type term unmediated
Source rdamedia
338 ## - CARRIER TYPE
Carrier type term volume
Source rdacarrier
500 ## - GENERAL NOTE
General note "Contributors Andrew Campbell, Dr Jim Flegg, Rupert Matthews, Steve Parker"--Title page verso.
500 ## - GENERAL NOTE
General note Includes index.
650 #0 - SUBJECT ADDED ENTRY--TOPICAL TERM
Topical term or geographic name entry element Dinosaurs
Form subdivision Encyclopedias, Juvenile.
650 #0 - SUBJECT ADDED ENTRY--TOPICAL TERM
Topical term or geographic name entry element Animals, Fossil
Form subdivision Encyclopedias, Juvenile.
650 #0 - SUBJECT ADDED ENTRY--TOPICAL TERM
Topical term or geographic name entry element Prehistoric peoples
Form subdivision Encyclopedias, Juvenile.
700 1# - ADDED ENTRY--PERSONAL NAME
Personal name Parker, Steve,
Dates associated with a name 1952-
Relator term consultant.
942 ## - ADDED ENTRY ELEMENTS (KOHA)
Source of classification or shelving scheme
Koha item type Books - Non Ficton

No items available.

Powered By KH8 IT Dept